|
LDR
| 01281nam a2200337 i 4500 |
|---|
| 001 | 56977 |
|---|
| 003 | CZ-PrJAB |
|---|
| 005 | 20160927143934.0 |
|---|
| 007 | ta |
|---|
| 008 | 000211s1914 xr 000 1 fre |
|---|
| 015 | | . |
‡acnb000568845 |
|---|
| 020 | | . |
‡q(Vázáno) |
|---|
| 035 | | . |
‡a(CZ PrNK)nos190110549 |
|---|
| 035 | | . |
‡a(OCoLC)85476443 |
|---|
| 040 | | . |
‡aABA001
‡bcze
‡cKLG001
‡dABA001
‡erda |
|---|
| 041 | 0 | . |
‡afre
‡acze |
|---|
| 072 | | 7. |
‡a821.133.1-3
‡xFrancouzská próza, francouzsky psaná
‡2Konspekt
‡925 |
|---|
| 080 | | . |
‡a821.133.1-32
‡2MRF |
|---|
| 080 | | . |
‡a(0:82-32)
‡2MRF |
|---|
| 100 | 1 | . |
‡aFlaubert, Gustave,
‡d1821-1880
‡7jn19990002312
‡4aut |
|---|
| 245 | 1 | 3. |
‡aUn coeur simple /
‡cGustave Flaubert ; pro české střední školy vydal s úvodem, poznámkami a slovníčkem František Grepl |
|---|
| 264 | | 1. |
‡aPraha-Karlín :
‡bEmil Šolc,
‡c[1914?] |
|---|
| 300 | | . |
‡a44 stran ;
‡c18 cm +
‡epoznámky a slovníček (30 stran) |
|---|
| 336 | | . |
‡atext
‡btxt
‡2rdacontent |
|---|
| 337 | | . |
‡abez média
‡bn
‡2rdamedia |
|---|
| 338 | | . |
‡asvazek
‡bnc
‡2rdacarrier |
|---|
| 490 | 1 | . |
‡aŠkolní knihovna děl německých, francouzských a anglických ;
‡vsvazek XXVI |
|---|
| 655 | | 7. |
‡afrancouzské povídky
‡7fd132287
‡2czenas |
|---|
| 700 | 1 | . |
‡aGrepl, František,
‡d1884-1962
‡7jk01032661
‡4edt
‡4aui |
|---|
| 830 | | 0. |
‡aŠkolní knihovna děl německých, francouzských a anglických |
|---|
| 910 | | . |
‡aABE461 |
|---|
| 995 | | . |
‡aska |
|---|
| 901 | | . |
‡a56977
‡bAUTOGEN
‡c56977
‡tbiblio |
|---|